| 000 | 00935cab a2200253 4500 | ||
|---|---|---|---|
| 001 | ABS48968 | ||
| 008 | 090401t1993 xxu||||| |||| 00| 0 eng d | ||
| 035 | _a(Sirsi) u69278 | ||
| 041 | _aeng | ||
| 100 | _aEadie, C. | ||
| 245 | _aIllegality under the Companies Act | ||
| 260 | _c1993 | ||
| 350 | _a0 | ||
| 490 |
_aEstates Gazette _v(9329) 24 July 1993, 90-91(2) |
||
| 520 | _aRules governing the lending of company money to directors are complicated, safeguarding against improper use, but they can also create incidental legal problems for joint venture finance. The article examines a hypothetical case study to illustrate where such funding becomes illegal. | ||
| 650 | _aCOMPANIES ACT 1985 | ||
| 650 | _aCONFLICT OF INTEREST | ||
| 650 | _aDIRECTORS LOAN RULES | ||
| 650 | _aJOINT VENTURES | ||
| 650 | _aPROPERTY FINANCE | ||
| 690 | _aPROPERTY-PROPERTY FINANCE AND INVESTMENT | ||
| 942 | _n0 | ||
| 948 | _c04/03/1997 | ||
| 999 |
_c43509 _d43509 |
||